Информационные технологии и управление = (Record no. 149038)
[ view plain ]
| 000 -LEADER | |
|---|---|
| fixed length control field | 02667nam a2200277 u 4500 |
| 001 - CONTROL NUMBER | |
| control field | 000392946 |
| 003 - CONTROL NUMBER IDENTIFIER | |
| control field | AM-YeHGA |
| 005 - DATE AND TIME OF LATEST TRANSACTION | |
| control field | 20250617132323.0 |
| 008 - FIXED-LENGTH DATA ELEMENTS--GENERAL INFORMATION | |
| fixed length control field | 040920s2004 ||||||||||||||||||||rus d |
| 022 ## - INTERNATIONAL STANDARD SERIAL NUMBER | |
| International Standard Serial Number | 1829-071X |
| 040 ## - CATALOGING SOURCE | |
| Original cataloging agency | AM-YeHGA |
| 041 0# - LANGUAGE CODE | |
| Language code of text/sound track or separate title | rus |
| 090 ## - LOCALLY ASSIGNED LC-TYPE CALL NUMBER (OCLC); LOCAL CALL NUMBER (RLIN) | |
| -- | 150427 |
| 245 00 - TITLE STATEMENT | |
| Title | Информационные технологии и управление = |
| Remainder of title | Information Technologies and Management / |
| Statement of responsibility, etc. | Арм. ассоц. компьютерных и информ. систем, Инж. акад. наук ; Редкол.: Х. Керобян (гл. ред.) и др. |
| 246 11 - VARYING FORM OF TITLE | |
| Title proper/short title | Information Technologies and Management |
| 246 13 - VARYING FORM OF TITLE | |
| Title proper/short title | Տեղեկատվական տեխնոլոգիաներ և կառավարում |
| 260 ## - PUBLICATION, DISTRIBUTION, ETC. | |
| Place of publication, distribution, etc. | Ереван : |
| Name of publisher, distributor, etc. | Энциклопедия - Арменика, |
| Date of publication, distribution, etc. | 2004. |
| 300 ## - PHYSICAL DESCRIPTION | |
| Extent | Вып. |
| 500 ## - GENERAL NOTE | |
| General note | Основан в 1998 г. |
| 505 1# - FORMATTED CONTENTS NOTE | |
| Miscellaneous information | Вып. 3 (2004, 251 с.) |
| -- | Вып. 4 (2004, 252 с.) |
| -- | [Вып.] 1 (2005, 243 с.) |
| -- | [Вып.] 2 (2005, 252 с.) |
| -- | [Вып.] 3 (2005, 283 с.) |
| -- | [Вып.] 4 (2005, 284 с.) |
| -- | [Вып.] 5 (2005, 273 с.) |
| 505 1# - FORMATTED CONTENTS NOTE | |
| Miscellaneous information | [Вып.] 1 (2006, 290 с.) |
| -- | [Вып.] 2 - 1 (2006, 280 с.) |
| -- | [Вып.] 2 - 2 (2006, 260 с.) |
| -- | [Вып.] 3 - 1 (2006, 262 с.) |
| -- | [Вып.] 3 - 2 (2006, 272 с.) |
| -- | [Вып.] 4 - 1 (2006, 276 с.) |
| -- | [Вып.] 4 - 2 (2006, 275 с.) |
| -- | [Вып.] 4 - 3 (2006, 284 с.) |
| -- | [Вып.] 1 (2007, 261 с.) |
| -- | [Вып.] 2 (2007, 287 с.) |
| -- | [Вып.] 3 (2007, 282 с.) |
| -- | [Вып.] 4 (2007, 280 с.) |
| -- | [Вып.] 5 (2007, 283 с.) |
| -- | [Вып.] 7 (2007, 284 с.) |
| -- | [Вып.] 8 (2007, 280 с.) |
| -- | [Вып.]11(2007,297 с. ) |
| -- | [Вып.] 1 (2008, 290 с.) |
| -- | [Вып.] 2 (2008, 272 с.) |
| -- | [Вып.] 3 (2008, 280 с.) |
| -- | [Вып.] 4 (2008, 282 с.) |
| -- | [Вып.] 5 (2008, 288 с.) |
| -- | [Вып.] 6 (2008, 292 с.) |
| -- | [Вып.] 7 (2008, 284 с.) |
| -- | [Вып.] 8 (2008, 280 с.) |
| -- | [Вып.] 1 (2009, 288 с.) |
| -- | [Вып.] 2 (2009, 286 с.) |
| -- | [Вып.] 3 (2009, 290 с.) |
| -- | [Вып.] 5 (2009, 290 с.) |
| -- | [Вып.] 6 (2009, 290 с.) |
| -- | [Вып.] 7 (2009, 282 с.) |
| 505 1# - FORMATTED CONTENTS NOTE | |
| Miscellaneous information | [Вып.] 6 (2010, 293 с.) |
| -- | [Вып.] 7 (2010, 294 с.) |
| -- | [Вып.] 8 (2010, 280 с.) |
| -- | [Вып.] 1 (2011, 292 с.) |
| -- | [Вып.] 2 (2011, 294 с.) |
| -- | [Вып.] 3 (2011, 288 с.) |
| -- | [Вып.] 4 (2011, 291 с.) |
| -- | [Вып.] 5 (2011, 297 с.) |
| -- | [Вып.] 6 (2011, 292 с.) |
| -- | [Вып.] 7 (2011, 258 с.) |
| -- | [Вып.] 1 (2012, 269 с.) |
| -- | [Вып.] 2 (2012, 273 с.) |
| -- | [Вып.] 3 (2012, 287 с.) |
| -- | [Вып.] 4 (2012, 289 с.) |
| 700 1# - ADDED ENTRY--PERSONAL NAME | |
| Personal name | Керобян, Х. |
| Relator term | ред. |
| Relationship | edt |
| 710 2# - ADDED ENTRY--CORPORATE NAME | |
| Corporate name or jurisdiction name as entry element | Армянская ассоциация компьютерных и информационных систем |
| 710 2# - ADDED ENTRY--CORPORATE NAME | |
| Corporate name or jurisdiction name as entry element | Инженерная академия Армении |
| Withdrawn status | Lost status | Damaged status | Not for loan | Collection | Home library | Current library | Date acquired | Serial enumeration / chronology | Total checkouts | Full call number | Barcode | Date last seen | Price effective from | Koha item type | Public note |
|---|---|---|---|---|---|---|---|---|---|---|---|---|---|---|---|
| General | Fundamental Scientific Library | Fundamental Scientific Library | 28/12/2016 | 2011, Вып. 4 | PII/655842 | FL0187613 | 28/12/2016 | 28/12/2016 | Գրքեր / Books | 30 Days Loan | |||||
| General | Fundamental Scientific Library | Fundamental Scientific Library | 28/12/2016 | 2011, Вып. 6 | PII/656013 | FL0188423 | 28/12/2016 | 28/12/2016 | Գրքեր / Books | 30 Days Loan | |||||
| General | Fundamental Scientific Library | Fundamental Scientific Library | 28/12/2016 | 2011, Вып. 7 | PII/656073 | FL0188453 | 28/12/2016 | 28/12/2016 | Գրքեր / Books | 30 Days Loan |
ՀՀ Գիտությունների ազգային ակադեմիայի հիմնարար գիտական գրադարան = Fundamental Scientific Library of NAS RA
All site content, except where otherwise noted, is licensed under a